​​​​​​​​​​​​​​Survey on common diseases in fattening pigs at ren sarath's​ farm at Arngsnoul district, Kandal province; ការអង្កេតពីជំងឺទូទៅដែលច្រើនជួបប្រទះលើសត្វជ្រូកសាច់នៅកសិដ្ឋាន រិន​ សារ៉ាត់ ស្រុកអង្គស្នូល ខេត្តកណ្ដាល (Record no. 10490)

000 -LEADER
fixed length control field 00754nam a22001337a 4500
040 ## - CATALOGING SOURCE
Transcribing agency RUA
082 ## - DEWEY DECIMAL CLASSIFICATION NUMBER
Classification number VEM POV B507 2015 Or.1
100 ## - MAIN ENTRY--AUTHOR NAME
Personal name POV SARATH; ពៅ សារ៉ាត់
245 ## - TITLE STATEMENT
Title ​​​​​​​​​​​​​​Survey on common diseases in fattening pigs at ren sarath's​ farm at Arngsnoul district, Kandal province; ការអង្កេតពីជំងឺទូទៅដែលច្រើនជួបប្រទះលើសត្វជ្រូកសាច់នៅកសិដ្ឋាន រិន​ សារ៉ាត់ ស្រុកអង្គស្នូល ខេត្តកណ្ដាល
260 ## - PUBLICATION, DISTRIBUTION, ETC. (IMPRINT)
Place of publication Phnom Penh
Name of publisher RUA
Year of publication 2015
300 ## - PHYSICAL DESCRIPTION
Number of Pages ix; 39p;
Other physical details ill;
Dimensions 29cm
856 ## - ELECTRONIC LOCATION AND ACCESS
Uniform Resource Identifier POV SARATH
942 ## - ADDED ENTRY ELEMENTS (KOHA)
Koha item type VEM
952 ## - LOCATION AND ITEM INFORMATION (KOHA)
Withdrawn status [LOCAL, KOHA] 0
952 ## - LOCATION AND ITEM INFORMATION (KOHA)
Withdrawn status [LOCAL, KOHA] 0
952 ## - LOCATION AND ITEM INFORMATION (KOHA)
Withdrawn status [LOCAL, KOHA] 0
952 ## - LOCATION AND ITEM INFORMATION (KOHA)
Withdrawn status [LOCAL, KOHA] 0
952 ## - LOCATION AND ITEM INFORMATION (KOHA)
Withdrawn status [LOCAL, KOHA] 0
952 ## - LOCATION AND ITEM INFORMATION (KOHA)
Withdrawn status [LOCAL, KOHA] 0
952 ## - LOCATION AND ITEM INFORMATION (KOHA)
Withdrawn status [LOCAL, KOHA] 0
952 ## - LOCATION AND ITEM INFORMATION (KOHA)
Withdrawn status [LOCAL, KOHA] 0
952 ## - LOCATION AND ITEM INFORMATION (KOHA)
Withdrawn status [LOCAL, KOHA] 0
952 ## - LOCATION AND ITEM INFORMATION (KOHA)
Withdrawn status [LOCAL, KOHA] 0
952 ## - LOCATION AND ITEM INFORMATION (KOHA)
Withdrawn status [LOCAL, KOHA] 0
Holdings
Permanent Location Date acquired Koha item type Lost status Shelving location Barcode Current Location Full call number
Library Block B2016-10-25VEM B507A01415Library Block BVEM POV B507 2015 Or.1
Library Block B2016-10-25VEM B507A00235Library Block BVEM POV B507 2015 Or.2
Library Block B2016-10-25VEM B507A00050Library Block BVEM POV B507 2015 Or.3
Library Block B2016-10-25VEM B507A01221Library Block BVEM POV B507 2015 Or.4
Library Block B2016-10-25VEM B507A01088Library Block BVEM POV B507 2015 Or.5
Library Block B2016-10-25VEM B507A01249Library Block BVEM POV B507 2015 Or.6
Library Block B2016-10-25VEM B507A00212Library Block BVEM POV B507 2015 Or.7
Library Block B2016-10-25VEM B507A02304Library Block BVEM POV B507 2015 Or.8
Library Block B2021-11-15VEM B692a067590Library Block BVEM POV B692 2015 Or.1
Library Block B2021-11-15VEM B692a066055Library Block BVEM POV B692 2015 Or.1
Library Block B2021-11-15VEM B692a066138Library Block BVEM POV B692 2015 Or.1
មជ្ឈមណ្ឌលឯការនៃសាកលវិទ្យាល័យភូមិន្ទកសិកម្មចំការដូង

Powered by Koha